Top 10 des pays avec le plus de centrales nucléaires - Statistiques

Statistiques générales
  • Ce quiz a été pris 384 fois
  • Le résultat moyen est 8 sur 10
Statistiques - réponses
Nombres Pays % Correct
56 France
99%
93 Etats-Unis
98%
53 Chine
96%
37 Russie
92%
33 Japon
88%
19 Canada
77%
12 Royaume-Uni
77%
22 Inde
76%
24 Corée du Sud
59%
15 Ukraine
58%
Aucun quiz correspondant
Distribution des résultats
% des personnes avec chaque résultat
Percentile par nombre de réponses
Votre historique - résultats
Vous n’avez pas pris ce quiz